| 000 | 03568nam a2200301Ia 4500 | ||
|---|---|---|---|
| 005 | 20170728144842.0 | ||
| 008 | 130821q1891 fr fr 1 fre d | ||
| 040 |
_aCo-BoUCM _bspa _cSandra Yazo _dSandra Yazo |
||
| 041 | 0 | _afre | |
| 082 | 0 | 4 |
_a944.04 _220 |
| 092 | _aE07N025 | ||
| 100 | 1 |
_aMarbot, Jean Baptiste Antoine Marcelin _cBarón de _d1782-1854 _961015 |
|
| 242 | 0 | 0 |
_aMemorias del General Barón de Marbot _bJuan Bautista Antonio Marcelino, Barón de Marbot _yspa |
| 245 | 1 | 0 |
_aMémoires du Général Bon. de Marbot _cBon de Marbot |
| 250 | _aCinquante-huitième [58 edición] | ||
| 260 |
_aParís (Francia) _bLibrairie Plon. E. Plon, Nourrit et Cie [Librería Plon de E. Plon Nourrit y Compañía] _c[1891?] |
||
| 300 |
_a3 volúmenes (xii, 390 ; 495 ; 446 páginas) _c20 x 13 cm. |
||
| 500 | _aDetalles físicos: Encuadernación rígida (holandesa) en cartón duro forrado en papel, lomo en cuero con nervadura sobre costura y letras en dorado. Guardas papel de agua. Hoja de cortesía. Anteportada. Portada impresa en una sola tinta con marca tipográfica de los editores. Texto impreso en una sola columna con varios tipos y tamaños de letra. Márgenes amplios. Sumarios al comienzo de cada capítulo. Conserva cinta para señalar la lectura. Varias anotaciones manuscritas marginales en lápiz. Corte superior pintado en dorado. Papel manchado. Tapas con raspaduras, rasgados y deterioro en bordes y esquinas. Papel manchado. Hojas con cortes irregulares. V.1 Guarda delantera desprendida. Dedicatoria inicial. V.3 Hoja de cortesía rasgada y contiene un plegable con un facsímil de una carta del Barón de Marbot, después de la página 408. Notas al pie de página. Ejemplares agrupados en un solo registro para mantener el orden de la colección, varias ediciones, V.2-V.3 57 ed. Fecha de publicación tomada del registro en el Ministerio | ||
| 505 | 0 | _aV.1: Orígenes de mi familia ; Primeras tormentas revolucionarias ; Mi padre, comandante del ejército en Toulouse ; Mi formación en Sorèze ; Primeras campañas de Bonaparte ; Mis trabajos cerca de Bonaparte ; Marengo ; Mi nombramiento como ayuda de campo de Bernadotte ; La marcha sobre Viena ; Austerlitz ; Campaña de Prusia ; La batalla de Jena ; Campaña del Vístula ; Soy nombrado capitán ; Batalla de Eylau -- V.2: Situación en Portugal ; Junot marcha hacia Lisboa ; Me nombran ayuda de campo de Murat ; La revolución de Aranjuez ; Carlos IV y Godoy en Bayona ; José es nombrado Rey ; La capitulación de Baylén ; Misiones a Tudela y Aranda ; Sitio de Zaragoza: soy gravemente herido ; Voy, como correo a París ; Sitio de Ratisbona ; Toma de Viena ; Batalla entre Essling y Aspern ; Muerte del General Lannes ; Wagram ; Nuevos intentos de cruzar el Danubio -- V.3: Mi matrimonio ; El Emperador me nombra coronel del 23°. de cazadores a caballo ; La guerra se hace inevitable ; El ejército llega al Niemen y entrada a Wilna ; Datos sobre el ejército ruso ; Oudinot y Polotsk ; La toma de Smolensk ; Batalla de Moscú ; El invierno ruso ; Nuestro desastre ; Batallas de Lutzen y de Bautzen ; Concentración frente a Dresde ; Batalla de Leipzig ; Retirada hacia el Rhin | |
| 506 | _aConsulta en sala | ||
| 546 | _aTexto en francés | ||
| 600 | 2 | 4 |
_966511 _aBonaparte, Napoleón _d1769-1821 _xBatallas |
| 650 | 7 |
_aHistoria de Francia _xBatallas _916933 |
|
| 651 | 4 |
_aFrancia _xHistoria _926971 |
|
| 690 |
_aHistoria de Europa _926509 |
||
| 856 | 4 | 1 |
_uhttp://gallica.bnf.fr/ark:/12148/bpt6k6507190b _zDisponble en línea v.3 |
| 942 |
_cLIBRO _a21 _e1 _2LOCAL _hE07N025 |
||
| 999 |
_c70673 _d70673 |
||